مكتبة جامعة عجلون الوطنية

فهرس بحث المكتبة

في علم نفس الطفل (Record no. 11683)

MARC details
000 -LEADER
fixed length control field 00971nam a2200229Ii 4500
003 - CONTROL NUMBER IDENTIFIER
control field JO-AjNU
008 - FIXED-LENGTH DATA ELEMENTS--GENERAL INFORMATION
fixed length control field 230605s9999||||xx |||||||||||||| ||und||
017 ## - COPYRIGHT OR LEGAL DEPOSIT NUMBER
Copyright or legal deposit number 1997/8/1239
020 ## - INTERNATIONAL STANDARD BOOK NUMBER
International Standard Book Number 978-9957-00-005-5
040 ## - CATALOGING SOURCE
Original cataloging agency JO-AjNU
Language of cataloging ara
Description conventions rda
Transcribing agency JO-AjNU
041 ## - LANGUAGE CODE
Language code of text/sound track or separate title ara
050 14 - LIBRARY OF CONGRESS CALL NUMBER
Classification number BF721.R55.2008
100 3# - MAIN ENTRY--PERSONAL NAME
Personal name الريماوي،محمد عوده ,
Relator term author
9 (RLIN) 22732
245 00 - TITLE STATEMENT
Title في علم نفس الطفل
250 ## - EDITION STATEMENT
Edition statement الطبعة العربية الاولى الاصدار الرابع
264 31 - PRODUCTION, PUBLICATION, DISTRIBUTION, MANUFACTURE, AND COPYRIGHT NOTICE
Place of production, publication, distribution, manufacture عمان:دار الشروق للنشر والتوزيع ، 2008
300 ## - PHYSICAL DESCRIPTION
Extent 432ص
Other physical details فهرس الاعلام من ص 387-ص407 ، فهرس المصطلحات من ص 409-ص427 ، فهرس الاشكال من ص429-ص431 ، فهرس الجداول ص432
336 ## - CONTENT TYPE
Content type term text
Content type code txt
Source rdacontent
337 ## - MEDIA TYPE
Media type term unmediated
Media type code n
Source rdamedia
338 ## - CARRIER TYPE
Carrier type term volume
Carrier type code nc
Source rdacarrier
650 #4 - SUBJECT ADDED ENTRY--TOPICAL TERM
Topical term or geographic name entry element الفلسفة وعلم النفس-الاطفال-علم النفس
9 (RLIN) 22733
Holdings
Withdrawn status Lost status Source of classification or shelving scheme Damaged status Not for loan Home library Current library Shelving location Date acquired Total Checkouts Full call number Barcode Date last seen Price effective from Koha item type
    Library of Congress Classification     مكتبة جامعة عجلون الوطنية مكتبة جامعة عجلون الوطنية المجموعات العامة 06/06/2023   BF721.R55.2008 A8115 06/06/2023 06/06/2023 Books